Piłkarska kariera Jana Tomaszewskiego. - Statystyki

Ogólne statystyki
  • Ten quiz został rozwiązany 36 razy
  • Średni wynik to 3 z 6
Statystyki odpowiedzi
Lata Drużyna % Poprawnych
1970-1972 Legia Warszawa
94%
1972-1978 ŁKS Łódź
61%
1982-1984 ŁKS Łódź
61%
1981-1982 Hercules
26%
?-1967 Śląsk Wrocław
19%
1978-1981 Germinal Ekeren
3%
Nie znaleziono quizów pasujących do podanych kryteriów
Rozkład punktacji
Procent ludzi z każdym wynikiem
Percentyl według liczby udzielonych odpowiedzi
Twoja historia wyników
Nie rozwiązałeś tego quizu